| 000 | 00522nam a2200169 a 4500 | ||
|---|---|---|---|
| 005 | 20210223121022.0 | ||
| 008 | 991125s1982 bog 000 0 spa u | ||
| 035 | _aUPN01000010861 | ||
| 049 | _aCG | ||
| 050 | 4 |
_aPQ8097 N4 _bN4.2a |
|
| 100 | 1 |
_aNeruda, Pablo, _d1904-1973 |
|
| 245 | 1 | 0 |
_aConfieso que he vivido : _bmemorias : obra póstuma / _cPablo Neruda. |
| 260 |
_aBogotá : _bOveja Negra, _c1982. |
||
| 300 | _a416 p. | ||
| 600 | 1 | 4 |
_aNERUDA, PABLO, _d1904-1973 - _vCORRESPONDENCIA, MEMORIAS, ETC. _910348 |
| 905 | _aLibro | ||
| 999 |
_c10861 _d10861 |
||